Ricostruisci la Carriera del Calciatore - Leandro Paredes - Statistics

Statistiche generali
  • Questo quiz è stato fatto 6 volte
  • Il punteggio medio è 3 su 9
Statistiche sulle risposte
Hint Risposta % Corretto
2011-2014 Boca Juniors
83%
2015-2016 Empoli
50%
2022-2023 Juventus
50%
2014 Chievo
33%
2023- Roma
33%
2017-2019 Zenit San Pietroburgo
33%
2019-2022 Paris Saint-Germain
17%
2016-2017 Roma
17%
2014-2015 Roma
0%
Nessun quiz corrispondente trovato
Distribuzione punteggi
Percentuale di utenti per punteggio
Percentile per numero di risposta
I tuoi punteggi nel tempo
Non hai fatto questo quiz